The Microarchitecture of Pipelined and Superscalar Computers /

The Microarchitecture of Pipelined and Superscalar Computers provides an authoritative treatment of the implementation (i.e. microarchitecture) of computer architectures. The subject matter covered is the collection of techniques that are used to achieve the highest performance in single-processor m...

Full description

Bibliographic Details
Main Author: Omondi, Amos R.
Corporate Author: SpringerLink (Online service)
Format: eBook
Language:English
Published: Boston, MA : Springer US, 1999.
Subjects:
Online Access:Connect to the full text of this electronic book

MARC

Tag First Indicator Second Indicator Subfields
LEADER 00000cam a2200000Mi 4500
001 in00003565921
006 m o d
007 cr mnu---uuaaa
008 130125s1999 xxu o 000 0 eng
005 20260420201350.4
020 |a 9781475729894 (electronic bk.) 
020 |a 1475729898 (electronic bk.) 
020 |z 9781441950819 
020 |z 1441950818 
020 |z 1475729898 
035 |a (OCoLC)851829445 
040 |a AU@  |b eng  |c AU@  |d OCLCO  |d GW5XE  |d OCLCF  |d UtOrBLW 
049 |a TXAM 
050 4 |a TK7895.M5 
072 7 |a UYF  |2 bicssc 
072 7 |a COM011000  |2 bisacsh 
082 0 4 |a 004.1  |2 23 
100 1 |a Omondi, Amos R. 
245 1 4 |a The Microarchitecture of Pipelined and Superscalar Computers /  |c by Amos R. Omondi. 
264 1 |a Boston, MA :  |b Springer US,  |c 1999. 
300 |a 1 online resource (xii, 266 pages) 
336 |a text  |b txt  |2 rdacontent 
337 |a computer  |b c  |2 rdamedia 
338 |a online resource  |b cr  |2 rdacarrier 
520 |a The Microarchitecture of Pipelined and Superscalar Computers provides an authoritative treatment of the implementation (i.e. microarchitecture) of computer architectures. The subject matter covered is the collection of techniques that are used to achieve the highest performance in single-processor machines; these techniques center the exploitation of low-level parallelism (temporal and spatial) in the processing of machine instructions. The book gives a coherent picture of caches, pipelines and their control, and branch prediction. It is the first such publication to treat these topics together. The Microarchitecture of Pipelined and Superscalar Computers covers the fundamentals of the subject by outlining the general principles and ideas. These are then demonstrated by selected case studies taken from practical machines. The Microarchitecture of Pipelined and Superscalar Computers has been specifically developed as a textbook for advanced undergraduate or graduate level instruction. It also makes an invaluable reference for microprocessor design engineers and those seeking to pursue research in the area. 
500 |a Electronic resource. 
650 0 |a Computer science. 
650 0 |a Microprogramming. 
650 0 |a Computer engineering. 
650 7 |a Computer engineering.  |2 fast  |0 (OCoLC)fst00872078 
650 7 |a Computer science.  |2 fast  |0 (OCoLC)fst00872451 
650 7 |a Microprogramming.  |2 fast  |0 (OCoLC)fst01020033 
655 7 |a Electronic books.  |2 local 
710 2 |a SpringerLink (Online service) 
776 1 8 |i Print version:  |z 9781441950819 
856 4 0 |u http://proxy.library.tamu.edu/login?url=https://link.springer.com/10.1007/978-1-4757-2989-4  |z Connect to the full text of this electronic book  |t 0 
994 |a 92  |b TXA 
999 |a MARS 
999 f f |s f138e589-3cdc-35fe-b7d7-7546a6c837e6  |i 35134f5d-1bc5-303b-a461-589e36da0f74  |t 0 
952 f f |a Texas A&M University  |b College Station  |c Electronic Resources  |s www_evans  |d Available Online  |t 0  |e TK7895.M5  |h Library of Congress classification 
998 f f |a TK7895.M5  |t 0  |l Available Online